[Event "Aarhus-chC"]
[Site "Aarhus"]
[Date "2018.02.17"]
[Round "2"]
[White "Firooznia, Farzam"]
[Black "Hansen, Martin Strandby"]
[Result "0-1"]
[WhiteElo "2099"]
[BlackElo "2114"]
[PlyCount "88"]
[EventDate "2018.02.16"]
[EventType "tourn"]
[EventRounds "5"]
[EventCountry "DEN"]
[SourceTitle "CBM 183 Extra"]
[Source "ChessBase"]
[SourceDate "2018.04.19"]
[SourceVersion "1"]
[SourceVersionDate "2018.04.19"]
[SourceQuality "1"]

1. e4 e6 2. d4 d5 3. Nd2 Nf6 4. e5 Nfd7 5. Bd3 b6 6. Qe2 c5 7. c3 cxd4 8. cxd4 Nc6 9. Nb3 Nb4 10. f4 Nxd3+ 11. Qxd3 g6 12. Ne2 a5 13. Qd1 Qh4+ 14. g3 Qh3 15. Kf2 Ba6 16. Be3 Be7 17. Nd2 0-0 18. Nf3 Rac8 19. Rg1 Qf5 20. Nc3 Bb4 21. g4 Qd3 22. Qxd3 Bxd3 23. Bd2 f6 24. Ke3 Bc4 25. a3 Be7 26. h4 fxe5 27. fxe5 Rf7 28. Rg3 Rcf8 29. Rh1 h6 30. Kf2 Kg7 31. h5 g5 32. Re1 Nb8 33. Kg2 Nc6 34. Be3 b5 35. Nd1 b4 36. axb4 Bxb4 37. Nc3 a4 38. Nd2 a3 39. Nxc4 dxc4 40. Re2 axb2 41. Nb1 c3 42. Bf2 Rxf2+ 43. Rxf2 Rxf2+ 44. Kxf2 c2 0-1

[Event "Horsens Lang Weekend"]
[Site "Horsens"]
[Date "2017.07.15"]
[Round "5"]
[White "Ramsdal, Jens Albert"]
[Black "Firooznia, Farzam"]
[Result "1-0"]
[WhiteElo "2206"]
[BlackElo "2062"]
[PlyCount "41"]
[EventDate "2017.07.13"]
[EventType "swiss"]
[EventRounds "7"]
[EventCountry "DEN"]
[SourceTitle "EXT 2018"]
[Source "ChessBase"]
[SourceDate "2017.10.13"]
[SourceVersion "1"]
[SourceVersionDate "2017.10.13"]
[SourceQuality "1"]

1. e4 c5 2. Nf3 g6 3. d4 cxd4 4. Nxd4 Nc6 5. c4 Nf6 6. Nc3 Nxd4 7. Qxd4 d6 8. Bg5 Bg7 9. Qd2 h5 10. Bd3 a5 11. 0-0 a4 12. Nd5 e6 13. Nc3 Qa5 14. Nb5 0-0 15. Qf4 Ng4 16. Be7 Be5 17. Qg5 Nxh2 18. f4 Ng4 19. fxe5 Qb6+ 20. Kh1 Nf2+ 21. Rxf2 1-0